Lisztomania - Pheonix (All Lyrics) - Statistics

General Stats
  • This quiz has been taken 6 times
  • The average score is 207 of 348
Answer Stats
Lyrics % Correct
a
100%
go
100%
grow
100%
I
100%
it
100%
let
100%
Lisztomania
100%
to
100%
and
80%
comes
80%
do
80%
easily
80%
from
80%
no
80%
not
80%
off
80%
offended
80%
oh
80%
on
80%
only
80%
see
80%
the
80%
we
80%
all
60%
can
60%
down
60%
for
60%
goes
60%
hard
60%
it's
60%
less
60%
like
60%
masses
60%
mess
60%
be
40%
been
40%
but
40%
discourage
40%
discuss
40%
fortunate
40%
gentlemen
40%
is
40%
jugulate
40%
let's
40%
now
40%
one
40%
riot
40%
show
40%
so
40%
that
40%
this
40%
time
40%
wealthiest
40%
we'll
40%
when
40%
your
40%
you're
40%
barely
20%
days
20%
else
20%
I'm
20%
I've
20%
lonely
20%
minute
20%
over
20%
pictures
20%
sentimental
20%
showtime
20%
slowly
20%
something
20%
still
20%
that's
20%
these
20%
think
20%
with
20%
burn
0%
could
0%
darling
0%
discouraged
0%
disgust
0%
disgusting
0%
distant
0%
ending
0%
favorite
0%
follow
0%
gentlmen
0%
gotta
0%
have
0%
how
0%
instead
0%
interests
0%
know
0%
looking
0%
love's
0%
misguide
0%
ooh
0%
other
0%
precious
0%
romanitc
0%
stand
0%
thought
0%
weekend
0%
yet
0%
No matching quizzes found
Score Distribution
Percent of People with Each Score
Percentile by Number Answered
Your Score History
You have not taken this quiz